| 000 | 01105nam a22003377a 4500 | ||
|---|---|---|---|
| 003 | CHAP | ||
| 005 | 20220329140503.0 | ||
| 008 | 971013s1962 r 00010 d | ||
| 010 | _a52691 | ||
| 011 | _a53663 | ||
| 035 | _a57813 | ||
| 040 | _cCHAP | ||
| 082 |
_a338.946 _bS3 |
||
| 100 | 0 | 0 |
_aSánchez Gil, M. _9107546 |
| 245 | _aProblemas de actualidad económico-social | ||
| 260 |
_aMadrid : _bAguilar, _c1962 |
||
| 300 | _a316 p. | ||
| 490 | _aBiblioteca de Ciencias Sociales Economía | ||
| 590 |
_aBATCH-UPD _b10 _c20130110 _lUCH01 _h0159 |
||
| 590 |
_aBATCH-UPD _b10 _c20130110 _lUCH01 _h1905 |
||
| 590 |
_aBATCH-UPD _b10 _c20130409 _lUCH01 _h2205 |
||
| 590 |
_aBATCH-UPD _b10 _c20130410 _lUCH01 _h1232 |
||
| 590 |
_aBATCH-UPD _b10 _c20130914 _lUCH01 _h1321 |
||
| 590 |
_aCONVERSION _b10 _c20130109 _lUCH01 _h1328 |
||
| 650 | 1 | 4 |
_aEspaña _xCondiciones sociales. _937697 |
| 650 | 1 | 4 |
_zEspaña _xCondiciones económicas. _9124372 |
| 830 | 0 |
_aBiblioteca de Ciencias Sociales Economía _912280 |
|
| 901 | _aBK | ||
| 942 | _cLIBRO | ||
| 949 |
_a338.946 S3 _bBC _cLIBRO _d33724000110482 _eLIBRO _h37867 _i57813 _si |
||
| 999 |
_c52691 _d52691 |
||